000 01094nam a2200229Ia 4500
003 Ost
005 20260416102400.0
008 260416s9999||||xx |||||||||||||| ||und||
040 _cfsecg
041 _aara
082 _a332
100 _aبوعزارة، أحلام
_eمؤلف
245 0 _aالاقتصاد النقدي وأسواق رأس المال :
_bموجهة لطلبة السنة الثانية ليسانس:تخصص: جميع التخصصات:مطبوعة /
_c أحلام بوعزارة
260 _aالجزائر
_bجامعة الجزائر3: كلية العلوم الإقتصادية، العلوم التجارية وعلوم التسيير
_c2023
300 _a94 ورقة
_bايضاحات
_c12 سم
504 _aالمراجع ص.89
520 _aالاقتصاد النقدي،أسواق راس المال.
653 _aالاقتصاد المالي
653 _aراس المال
710 _aجامعة الجزائر3: كلية العلوم الإقتصادية، العلوم التجارية وعلوم التسيير
_eناشر علمي
942 _cHANDOUT
999 _c41392
_d41392